003890000a2200145000450000500170000024500590001726000240007630000130010004000080011336500120012165000140013365000440014765000250019165000270021620120302052936.0 a Federal financial relations in India and other essays aMumbai:Lalvani,1967 axii,135p aENG bRs.3.00 aEconomics aFederal Financial Relation-India-Essays aFreedom-Organisation aPlan-Taxation-Horizons